000 00585cam a2200205Ia 4500
040 _cJQL
082 _a511 GLE 1996 A109 Or.
245 0 0 _aMathematics connections :
_bintegrated and applied /
250 _aTeacher's wraparound ed
260 _aNew York, N.Y. :
_bGlencoe/McGraw-Hill,
_cc1996
300 _a1550 p. :
_bcol. ill. ;
_c29 cm
500 _aIncludes index
650 0 _aConsumer education
650 0 _aFinance, Personal
650 0 _aBusiness mathematics
650 0 _aMathematics
700 1 _aAshlock, Robert B.,
710 2 _aGlencoe/McGraw-Hill
942 _cEK
999 _c16649
_d16649